000 00814 a2200229 4500
001 64002
005 20260521160828.0
008 260521a1979 arg spa d
003 AR-UNSa-BCEJYS
040 _aAR-UNSa-BCEJYS
_bspa
_cAR-UNSa-BCEJYS
080 _a658.5
_xPlanificación y control de la producción
245 1 0 _aPlanificación de la producción
020 _a978-84-234-0456-8
264 1 _aBilbao :
_bEdiciones Deusto
_c1979
300 _a471 p.
_c24 cm.
505 _a1. Primera Parte: Preliminares - Segunda Parte: Planificación de fábrica - Tercera Parte: Planificación de procesos - Cuarta Parte: Planificación de operaciones -
041 _aspa
942 _cBK
590 _aniveau_biblio:m niveau_hierar:0
100 1 _aBurbidge, John L.
700 1 _aAlonso de Leciñana, Jesús
999 _c36480
_d36480